أسماء الشعراء المذكورين فى لسان العرب

محفوظ في:

التنسيق: كتاب

اللغة: Undetermined

الوسوم: إضافة وسم

لا توجد وسوم, كن أول من يضع وسما على هذه التسجيلة!

رقم الطلب: A10 ARAB IBN-MA

LEADER 00274nam a2200097Ia 4500
008 240404s9999||||xx |||||||||||||| ||und||
050 4 |a A10 ARAB IBN-MA 
245 1 0 |a أسماء الشعراء المذكورين فى لسان العرب 
300 |a 140  |c 29 
942 |2 lcc  |c BK 
999 |c 58185  |d 58185